<?xml version="1.0" encoding="UTF-8"?>
<record
    xmlns:xsi="http://www.w3.org/2001/XMLSchema-instance"
    xsi:schemaLocation="http://www.loc.gov/MARC21/slim http://www.loc.gov/standards/marcxml/schema/MARC21slim.xsd"
    xmlns="http://www.loc.gov/MARC21/slim">

  <leader>01107nam a2200277 a 4500</leader>
  <controlfield tag="005">20240412113948.0</controlfield>
  <controlfield tag="008">100330t1986||||sp a   f |||| 001 0 spa d</controlfield>
  <datafield tag="020" ind1=" " ind2=" ">
    <subfield code="a">8434526077</subfield>
  </datafield>
  <datafield tag="041" ind1=" " ind2=" ">
    <subfield code="a">spa</subfield>
  </datafield>
  <datafield tag="092" ind1=" " ind2=" ">
    <subfield code="c">613.8</subfield>
    <subfield code="l">91</subfield>
    <subfield code="s">VAL</subfield>
  </datafield>
  <datafield tag="100" ind1="1" ind2=" ">
    <subfield code="a">Valbuena Briones, Agust&#xED;n</subfield>
    <subfield code="9">3012</subfield>
  </datafield>
  <datafield tag="245" ind1=" " ind2=" ">
    <subfield code="a">Las toxicoman&#xED;as. </subfield>
    <subfield code="b">Problemas m&#xE9;dicos y psiqu&#xED;atricos /</subfield>
    <subfield code="c">Agust&#xED;n Valbuena Briones.</subfield>
  </datafield>
  <datafield tag="250" ind1=" " ind2=" ">
    <subfield code="a">1a ed.</subfield>
  </datafield>
  <datafield tag="260" ind1=" " ind2=" ">
    <subfield code="a">Barcelona: </subfield>
    <subfield code="b">Salvat;</subfield>
    <subfield code="c">1986.</subfield>
  </datafield>
  <datafield tag="300" ind1=" " ind2=" ">
    <subfield code="a">246 p.</subfield>
    <subfield code="b">il.</subfield>
  </datafield>
  <datafield tag="500" ind1=" " ind2=" ">
    <subfield code="a">Valbuena Briones, A. (1986). Las toxicoman&#xED;as. Problemas m&#xE9;dicos y psiqui&#xE1;tricos. (1a ed.). Barcelona : Salvat.</subfield>
  </datafield>
  <datafield tag="653" ind1=" " ind2=" ">
    <subfield code="a">Introducci&#xF3;n</subfield>
  </datafield>
  <datafield tag="653" ind1=" " ind2=" ">
    <subfield code="a">Epidemiolog&#xED;a de la droga</subfield>
  </datafield>
  <datafield tag="653" ind1=" " ind2=" ">
    <subfield code="a">Nomeclatura y clasificaci&#xF3;n de las toxicoman&#xED;as: motivaciones y causas</subfield>
  </datafield>
  <datafield tag="653" ind1=" " ind2=" ">
    <subfield code="a">Descripci&#xF3;n de los distintos grupos de sustancias capaces de producir toxicoman&#xED;a</subfield>
  </datafield>
  <datafield tag="653" ind1=" " ind2=" ">
    <subfield code="a">Complicaciones m&#xE9;dico-quir&#xFA;rgicas</subfield>
  </datafield>
  <datafield tag="653" ind1=" " ind2=" ">
    <subfield code="a">Complicaciones psiqu&#xED;atricas del uso de las drogas</subfield>
  </datafield>
  <datafield tag="653" ind1=" " ind2=" ">
    <subfield code="a">drogas ilegales y delincuencia. Legislaci&#xF3;n</subfield>
  </datafield>
  <datafield tag="653" ind1=" " ind2=" ">
    <subfield code="a">Tratamiento de las toxicoman&#xED;as</subfield>
  </datafield>
  <datafield tag="942" ind1=" " ind2=" ">
    <subfield code="2">ddc</subfield>
    <subfield code="c">BK</subfield>
  </datafield>
  <datafield tag="999" ind1=" " ind2=" ">
    <subfield code="c">2214</subfield>
    <subfield code="d">2214</subfield>
  </datafield>
  <datafield tag="952" ind1=" " ind2=" ">
    <subfield code="0">0</subfield>
    <subfield code="1">0</subfield>
    <subfield code="2">ddc</subfield>
    <subfield code="4">0</subfield>
    <subfield code="7">0</subfield>
    <subfield code="a">BFM</subfield>
    <subfield code="b">BFM</subfield>
    <subfield code="c">CR</subfield>
    <subfield code="d">2015-09-21</subfield>
    <subfield code="e">Donaci&#xF3;n Jaime Novodvoretz, Septiembre 2015</subfield>
    <subfield code="l">1</subfield>
    <subfield code="o">613.8 91 VAL</subfield>
    <subfield code="p">3555</subfield>
    <subfield code="r">2022-10-11</subfield>
    <subfield code="s">2022-10-04</subfield>
    <subfield code="t">Ej.1</subfield>
    <subfield code="w">2015-09-21</subfield>
    <subfield code="y">BK</subfield>
    <subfield code="z">Donaci&#xF3;n Jaime Novodvoretz, Septiembre 2015</subfield>
  </datafield>
</record>
